Materials d'obra / Antoni Dalmau
ISBN:
84-7410-302-9
Descripción Física:
214 p. ; 20 cm
Colección:
Polítiques ; 1
MARC
| LEADER | 00000nam a2200000Ia 4500 | ||
|---|---|---|---|
| 001 | 10433 | ||
| 008 | 160829s1987 xx 000 0 cat d | ||
| 020 | |a 84-7410-302-9 | ||
| 080 | |a M-2-258 | ||
| 100 | |a Dalmau i Ribalta, Antoni, |d 1951-2022 |9 25991 | ||
| 245 | |a Materials d'obra / Antoni Dalmau | ||
| 260 | |a Barcelona : |b Ed. la Magrana : |b Ed. 62, |c 1987 | ||
| 300 | |a 214 p. ; |c 20 cm | ||
| 490 | |a Polítiques ; 1 | ||
| 650 | 0 | |a Administració províncial |z Barcelona (Província) |9 23004 | |
| 901 | |a Arxiu | ||
| 942 | |n 1 | ||
| 952 | |0 0 |1 0 |4 0 |6 M2258 |7 1 |9 42989 |a Arxiu |b Arxiu |d 2016-12-01 |l 0 |o M-2-258 |p 10433 |r 2016-12-01 00:00:00 |w 2016-12-01 |y ARXIU | ||
| 999 | |c 45532 |d 45532 | ||